Library of the University of Algiers 3
Ibrahim Sultan Cheibout
شعار جامعة الجزائر 3
مكتبة جامعة الجزائر 3
إبراهيم سلطان شيبوط

الخصخصة أفاقها وأبعادها / (رقم التسجيلة. 42864)

تفاصيل مارك
000 -LEADER
fixed length control field 01660nam a2200229Ia 4500
003 - CONTROL NUMBER IDENTIFIER
control field Ost
005 - DATE AND TIME OF LATEST TRANSACTION
control field 20260507075110.0
008 - FIXED-LENGTH DATA ELEMENTS--GENERAL INFORMATION
fixed length control field 260507s9999||||xx |||||||||||||| ||und||
020 ## - INTERNATIONAL STANDARD BOOK NUMBER
International Standard Book Number 6541157547
040 ## - CATALOGING SOURCE
Transcribing agency fsecg
041 ## - LANGUAGE CODE
Language code of text/sound track or separate title ara
100 ## - MAIN ENTRY--PERSONAL NAME
Personal name الأبرس، محمد رياض
Relator term مؤلف
245 #0 - TITLE STATEMENT
Title الخصخصة أفاقها وأبعادها /
Statement of responsibility, etc. محمد رياض الأبرس
260 ## - PUBLICATION, DISTRIBUTION, ETC.
Place of publication, distribution, etc. بيروت:
Name of publisher, distributor, etc. دارالفكر المعاصر,
Date of publication, distribution, etc. 2002
300 ## - PHYSICAL DESCRIPTION
Extent 277 صفحة؛
Dimensions 20 سم
490 ## - SERIES STATEMENT
Series statement حوارات لقرن جديد
520 ## - SUMMARY, ETC.
Summary, etc. الجزء الأول : الخصخصة : النظرية والواقع / محمد رياض الأبرش : المقدمة : لماذا الخصخصة : صعوبات الخصخصة : الخصخصة في البلاد العربية : الخلاصة والنتائج-الجزء الثاني : الخصخصة وأبعادها الاقتصادية والاجتماعية / نبيل مرزوق : المقدمة : نشأة القطاع العام وتطوره : النظرية الاقتصادية السائدة منشؤها ومفاهيمها الأساسية : برامج التصحيح الهيكلي والخصخصة : استنتاجات وتوصيات عامة-الجزء الثالث : تعقيب الدكتور محمد رياض الأبرش حول ضرورة الاستمرار في الاعتماد على الملكية العامة : تعقيب الدكتور نبيل مرزوق على مقالة الدكتور رياض الأبرش.
653 ## - INDEX TERM--UNCONTROLLED
Uncontrolled term السياسه الاقتصاديه
653 ## - INDEX TERM--UNCONTROLLED
Uncontrolled term الملكية
700 ## - ADDED ENTRY--PERSONAL NAME
Personal name مرزوق، نبيل
Relator term مؤلف ثانوي
942 ## - ADDED ENTRY ELEMENTS (KOHA)
Koha item type كتب
المقتنيات
Withdrawn status Lost status Source of classification or shelving scheme Damaged status Not for loan Home library Current library Date acquired Serial enumeration / chronology Inventory number Total checkouts Full call number Barcode Date last seen Price effective from Koha item type
    Dewey Decimal Classification   NOT LOAN / إعارة داخلية مكتبة كلية العلوم الإقتصادية والعلوم التجارية وعلوم التسيير مكتبة كلية العلوم الإقتصادية والعلوم التجارية وعلوم التسيير 07/05/2026 الطابق الأرضي 1435/1   أ/1453ن1 1435/1 07/05/2026 07/05/2026 كتب
    Dewey Decimal Classification   Available مكتبة كلية العلوم الإقتصادية والعلوم التجارية وعلوم التسيير مكتبة كلية العلوم الإقتصادية والعلوم التجارية وعلوم التسيير 07/05/2026 الطابق الثاني 1435/2   أ/1453ن2 1435/2 07/05/2026 07/05/2026 كتب

موارد الويب المفتوحة


© University of Algiers 3 All Rights Reserved
|
Implemented by LECHELAH Riad